Basic electrical engineering (Record no. 7166)

000 -LEADER
fixed length control field 00658nam a2200217 4500
001 - CONTROL NUMBER
control field 7166
003 - CONTROL NUMBER IDENTIFIER
control field BD-DhUET
008 - FIXED-LENGTH DATA ELEMENTS--GENERAL INFORMATION
fixed length control field 740521s1975 nyua 001 0 eng
020 ## - INTERNATIONAL STANDARD BOOK NUMBER
International Standard Book Number 0070211523
040 ## - CATALOGING SOURCE
Original cataloging agency DLC
Transcribing agency DLC
Modifying agency BD-DhUET
082 00 - DEWEY DECIMAL CLASSIFICATION NUMBER
Classification number 623
Item number FIT/1975
100 1# - MAIN ENTRY--PERSONAL NAME
Personal name Fitzgerald, A. E.
245 10 - TITLE STATEMENT
Title Basic electrical engineering
Remainder of title circuits,electronics,machines,control
Statement of responsibility, etc. by A. E. Fitzgerald, David E. Higginbotham and Arvin Grabel
250 ## - EDITION STATEMENT
Edition statement 4th ed.
260 ## - PUBLICATION, DISTRIBUTION, ETC. (IMPRINT)
Place of publication, distribution, etc. New York
Name of publisher, distributor, etc. McGraw-Hill
Date of publication, distribution, etc. 1975
300 ## - PHYSICAL DESCRIPTION
Extent xiv, 817 p.
Other physical details illus.
Dimensions 24 cm.
650 #0 - SUBJECT ADDED ENTRY--TOPICAL TERM
Topical term or geographic name as entry element Electricity : Engineering
700 ## - ADDED ENTRY--PERSONAL NAME
Personal name Higginbotham, David E.
700 ## - ADDED ENTRY--PERSONAL NAME
Personal name Grabel, Arvin
942 ## - ADDED ENTRY ELEMENTS (KOHA)
Koha item type General Book
Holdings
Shelving location Damaged status Price effective from Withdrawn status Koha date last borrowed Copy number Koha full call number Lost status Source of classification or shelving scheme Not for loan Koha item type Koha normalized classification for sorting Koha date last seen Sublocation or collection (holding branch) Koha issues (times borrowed) Location (home branch) Piece designation (barcode) Date acquired
Circulation section 2014-12-07 2018-07-211623/PIT/1975   General Book623PIT19752018-08-04Central Library, BUET1Central Library, BUET653642014-12-07
Circulation section 2015-03-12  2623/PIT/1975   General Book623_000000000000000_PIT_19752015-03-12Central Library, BUET Central Library, BUET433092015-03-12
Circulation section 2015-03-12  3623/PIT/1975   General Book623_000000000000000_PIT_19752015-03-12Central Library, BUET Central Library, BUET433142015-03-12
Circulation section 2015-03-12  4623/PIT/1975   General Book623_000000000000000_PIT_19752015-03-12Central Library, BUET Central Library, BUET436762015-03-12
Circulation section 2015-03-12  5623/PIT/1975   General Book623_000000000000000_PIT_19752015-03-12Central Library, BUET Central Library, BUET428432015-03-12
Circulation section 2015-04-16  6623/FIT/1975   General Book623_000000000000000_FIT_19752015-04-16Central Library, BUET Central Library, BUET433082015-04-16
Circulation section 2015-04-18  7623/FIT/1975   General Book623_000000000000000_FIT_19752015-04-18Central Library, BUET Central Library, BUET433162015-04-18
Circulation section 2015-04-21  8623/FIT/1975   General Book623_000000000000000_FIT_19752015-04-21Central Library, BUET Central Library, BUET433102015-04-21
Circulation section 2015-04-21  9623/FIT/1975   General Book623_000000000000000_FIT_19752015-04-21Central Library, BUET Central Library, BUET436772015-04-21
Circulation section 2015-04-21  10623/FIT/1975   General Book623_000000000000000_FIT_19752015-04-21Central Library, BUET Central Library, BUET433132015-04-21
Circulation section 2015-04-21  11623/FIT/1975   General Book623_000000000000000_FIT_19752015-04-21Central Library, BUET Central Library, BUET433072015-04-21
Circulation section 2015-04-21  12623/FIT/1975   General Book623_000000000000000_FIT_19752015-04-21Central Library, BUET Central Library, BUET511012015-04-21
Reading section 2015-06-28  13623/FIT/1975   Reading Item623_000000000000000_FIT_19752015-06-28Central Library, BUET Central Library, BUET428412015-06-28
Reading section 2015-06-28  14623/FIT/1975   Reading Item623_000000000000000_FIT_19752015-06-28Central Library, BUET Central Library, BUET428402015-06-28
Reading section 2015-06-28  15623/FIT/1975   Reading Item623_000000000000000_FIT_19752015-06-28Central Library, BUET Central Library, BUET436792015-06-28